Les surprenants chiffres des Français - 6 - Statistiques

Statistiques générales
  • Ce quiz a été pris 17 fois
  • Le résultat moyen est 4 sur 15
Statistiques - réponses
Hint Réponse % Correct
170 par an Consommation de yaourts d'un Français
53%
Environ 2000 par an arbres de peupliers plantés
47%
Environ 7 Milliards par an arbres plantés par l"ONU
40%
5,5 litres par an Consommation de glace
40%
51 % Part du jambon beurre dans les sandwichs en France
40%
6 Millions Nombre d'enfants mangeant à la cantine en France
33%
500 Millions par jour Consommation de tasses de thé
27%
50 kilos par an de boites de conserves consommées par les Français
20%
15 par seconde Nombre de camemberts vendus en France
20%
Env. 30 Millions par an Nombre de galettes des rois vendues en France
20%
76 par seconde Nombre de sandwichs vendus en France
20%
16000 nouvelles espèces sont découvertes
20%
5 par an Consommation moyenne de boites de Danette en France
13%
26 par seconde Nombre de pizzas vendues en France
13%
64 % Part du sandwich baguette dans les sandwichs en France
13%
Aucun quiz correspondant
Distribution des résultats
% des personnes avec chaque résultat
Percentile par nombre de réponses
Votre historique - résultats
Vous n’avez pas pris ce quiz